[Event "Clarin GP final"]
[Site "Villa Gesell"]
[Date "1997.??.??"]
[Round "4"]
[White "Braga, Fernando Alberto"]
[Black "Ricardi, Pablo"]
[Result "0-1"]
[WhiteElo "2455"]
[BlackElo "2575"]
[Annotator "Har Zvi,R"]
[PlyCount "60"]
[EventDate "1997.03.02"]
[EventType "tourn"]
[EventRounds "11"]
[EventCountry "ARG"]
[EventCategory "11"]
[SourceTitle "CBM 058"]
[Source "ChessBase"]
[SourceDate "1997.06.01"]
[SourceVersion "1"]
[SourceVersionDate "1997.06.01"]
[SourceQuality "1"]

1. e4 {Baburin} c5 2. c3 d5 3. exd5 Qxd5 4. d4 Nf6 5. Nf3 cxd4 6. cxd4 g6 7.
Nc3 Qd8 8. Bc4 (8. Be2 Bg7 9. O-O O-O 10. Re1 Nc6 11. d5 Nb4 12. Bc4 Bg4 13.
Qb3 Bxf3 14. gxf3 a5 15. Bg5 {why not 15.a3??} Rc8 16. Rad1 Qd7 17. a3 Nc2 18.
Re2 Qf5 19. Bxf6 Bxf6 20. Rxc2 Rxc4 $17 {Reides,M-Ricardi,P Siembra Villa
Ballester op 1996}) 8... Bg7 9. Qa4+ {Baburin: White is trying to take
advantage of his superior development, otherwise Black would have got a
comfortable version of the isolated pawn formation.} (9. Ne5 O-O 10. O-O Nc6
11. Be3 Nxe5 12. dxe5 Qxd1 13. Nxd1 Ng4 14. f4 Bd7 15. h3 Nxe3 16. Nxe3 Rfd8
17. Bd5 e6 $15 {Gomez Bailo,J-Ricardi,P Argentina 1995}) 9... Bd7 {The only
move, as} (9... Nbd7 $2 10. Bxf7+ Kxf7 11. Ng5+ Ke8 (11... Kg8 12. Qb3+) 12.
Ne6 Qb6 13. Qc4 $1 (13. Nxg7+ Kf7 {[%csl Rg7]}) 13... Nh5 14. Nb5 $1 Nf8 15.
Nbc7+ Kd7 16. d5 $1 Nxe6 17. dxe6+ Kd8 18. Bf4 $1 $18 {Gomez Bailo,
J-Spangenberg,H Argentina 1995 65/(146)}) ({Baburin: while} 9... Kf8 $6 {
Baburin is not worth considering.}) 10. Qb3 O-O {Baburin: By playing this move
Black practically signs up to sacrifice the Exchange. This is a double-edged
approach.} ({Baburin: Also interesting here is} 10... e6 {Baburin} 11. Qxb7 Nc6
{Baburin: which may lead to a curious draw after} 12. O-O Na5 13. Qa6 Bc8 14.
Qb5+ ({Baburin: but not} 14. Bb5+ $4 Kf8 $19) 14... Bd7 15. Qa6 Bc8 $11) 11.
Ne5 Be8 {Baburin: Black decides to give away the Exchange, as} (11... Qe8 {
Baburin} 12. Qxb7 Bc6 13. Nxc6 Qxc6 14. Qxc6 Nxc6 15. Be3 $16 {does not look
very attractive for Black.}) 12. Qxb7 (12. O-O b6 (12... Nc6 13. Qxb7 Nxd4 14.
Rd1) 13. d5 $14) 12... Qxd4 {Baburin: [#]This is a critical position: White
can take the rook, thus wining the Exchange but how should he do so? As the
main consideration in many such positions is king's safety, White's next move
can be regarded as a mistake.} 13. Qxa8 (13. O-O Qxe5 (13... Nc6 $6 14. Qxa8 ({
or} 14. Nxc6 Bxc6 15. Qxc6 Rac8 16. Bxf7+ Kxf7 17. Qb5 $18) 14... Nxe5 15. Be2
Bc6 16. Be3 $18) 14. Qxa8 Ng4 (14... Qc7 $44 {Baburin}) 15. g3 Bc6 16. Qxa7 Qh5
17. h4 Ne5 $19) (13. f4 Ng4 $3 {after this move white has 3 main continuations
but as we will see in each one of them black is atleast OK} 14. Bxf7+ (14. Qxa8
Qf2+ 15. Kd1 Nxe5 $19 {threatening both Bc6 and Nxe5} 16. Qe4 (16. Bd5 Bc6 17.
Bxc6 Nbxc6 18. Qxf8+ Kxf8 19. fxe5 Qxg2 $19 (19... Nd4 $19)) (16. fxe5 Bc6 $19)
16... Nxc4 17. Qxc4 Ba4+ $3 $19) (14. Nxg4 Qxc4 15. Nh6+ (15. Qxa8 Bxc3+ 16.
bxc3 Bc6 17. Qxa7 Qxc3+ 18. Kf2 Qxa1 $13 {but it seems black has no problems} (
18... Qc2+ $2 19. Kg3 Qxg2+ 20. Kh4 Qxh1 21. Nh6+ Kg7 22. Bb2+)) 15... Bxh6 16.
Qxa8 Bg7 (16... Bc6 17. Qxa7 Bg7 18. Qa3 Na6 (18... Bxg2)) 17. Ne2 (17. Qf3 Bc6
18. Qg3 Bxg2) 17... Bb5) 14... Rxf7) 13... Qxe5+ 14. Be2 (14. Be3 $5 Bc6 15.
Qxa7 Bxg2 16. f4 (16. Rg1 $13 {Baburin}) 16... Qh5 17. Rg1 $44 {/+/=} Nc6 18.
Qc5 Qh4+ 19. Bf2 Qxh2 20. Qg5 $14) 14... Bc6 15. Qxa7 Bxg2 16. f4 Qd6 17. Rg1
Nc6 18. Qa6 (18. Qe3 Nb4 19. Qd2 Qxd2+ 20. Bxd2 Nc2+ 21. Kf2 Nxa1 22. Kxg2) (
18. Qa4 $5) 18... Bd5 {Baburin: White is the Exchange up, but his king is
stuck in the centre and his pawn formation is unsound, while he is behind in
development. This is the case of a positional Exchange sacrifice for both
short-term (lead in development) and long-term (better pawn strucure)
advantages; usually it is a lot easier to play on the side of sacrificer in
situations like this.} 19. Bd2 $6 {it was very important to take the c5 square
from black's queen not allowing it to play along the a7-g1 diagonal,which is
an important one all over the game} (19. Be3 $5) 19... Qc5 (19... Ne4 $5 20.
Nxd5 (20. Nxe4 Bxe4 {[%csl Rb2]}) 20... Qxd5 21. Qd3 Nd4 $44 (21... Qc5 22. Be3
Qb4+ 23. Kf1)) 20. Rg5 (20. Rf1) 20... Nb4 21. Qa4 Qd4 22. Kf1 $2 {this is
such a complicated game that it is impossible to end such a game without even
one mistake,it is white who make the first one it is well knowen that it is
more difficult to defend than to attack espcially in this type of position
when the king is simply so exposed,and even if black does not have immediate
threats he has compensation all the time [ maybe not enough but all all the
time white is defending ]} (22. Be3 $5 Nd3+ 23. Bxd3 Qxe3+ 24. Be2 Bh6 (24...
e6 $44) 25. Nxd5 (25. Rg3 Qxf4) 25... Nxd5 26. Rg3 (26. Rxd5 Qg1+ 27. Bf1 Qe3+
28. Kd1 $2 Qf3+ $17) 26... Qb6 $44) 22... Bc6 $1 23. Be3 (23. Qb3 Qxd2 24. Qxb4
Ne4 $1 $19) (23. Qd1 Ne4 24. Nxe4 Qxe4 25. Bf3 (25. Bxb4 Qxf4+ 26. Bf3 Qxg5 27.
Bxc6 Qf4+) 25... Qd3+ 26. Be2 Qh3+ 27. Ke1 Qh4+ 28. Rg3 (28. Kf1 Bd4 $1 $19)
28... Qxh2 $19) (23. Qd1 $142 {Baburin}) 23... Qxe3 24. Qxb4 Ne4 $1 25. Nxe4
Qxf4+ 26. Ke1 (26. Kg1 {Baburin} Bxe4 27. Rg3 Rb8 $40) 26... Qh4+ (26... Bxe4
27. Rg4) 27. Kf1 Bxe4 28. Qxe7 $2 {losing immediately} (28. Rg4 Qf6+ (28...
Qh3+ {Baburin} 29. Ke1 Bf5) 29. Kg1 Bf5 $17) 28... Qf4+ (28... Bd4 $19) 29. Ke1
Bxb2 30. Kd1 Bc3 $1 0-1

[Event "Ciocaltea Memorial"]
[Site "Bucharest"]
[Date "1997.??.??"]
[Round "11"]
[White "Nisipeanu, Liviu Dieter"]
[Black "Nevednichy, Vladislav"]
[Result "1-0"]
[WhiteElo "2545"]
[BlackElo "2535"]
[Annotator "Har Zvi,R"]
[PlyCount "99"]
[EventDate "1997.03.??"]
[EventType "tourn"]
[EventRounds "13"]
[EventCountry "ROU"]
[EventCategory "10"]
[SourceTitle "CBM 060"]
[Source "ChessBase"]
[SourceDate "1997.09.29"]
[SourceVersion "1"]
[SourceVersionDate "1997.09.29"]
[SourceQuality "1"]

1. e4 c5 2. c3 d5 3. exd5 Qxd5 4. d4 Nf6 5. Nf3 Bg4 6. Nbd2 Nc6 (6... Bxf3 7.
Nxf3 e6 8. Bb5+ Nbd7 9. O-O cxd4 10. Qa4 a6 11. Nxd4 Bc5 12. Rd1 Bxd4 13. Bxd7+
Qxd7 {Bojkovic,N-Lukin,A/Groningen 1991} 14. Qxd4 Rd8 15. Qxd7+ Nxd7 16. Be3
$14) (6... cxd4 7. Bc4 Qh5 (7... Qd6 8. Qb3 Be6 9. Bxe6 Qxe6+ 10. Qxe6 fxe6 11.
Nxd4 $16) (7... Qd8 8. Ne5 (8. Qb3 $5) 8... Be6 9. Bxe6 fxe6 10. Qa4+ Nc6 11.
Nxc6 Qd7 12. Nf3 $16) 8. Qb3 Nbd7 9. cxd4 Rb8 (9... Nb6 10. Bb5+ Bd7 11. Ne5))
(6... e6 7. Bc4 Qd8 8. Qb3 Qb6 (8... Qc7) 9. Bb5+ Nc6 10. Nc4 Qc7 11. Nfe5 cxd4
12. Qa4 $1 $40) 7. Qa4 {a round later in his game againts Kiselev,Nisipeanu
played Bc4 and won in a very interesting game,I could not find other games
with Qa4 in my database, but this does not seem to be black's problem in this
line} (7. Bc4 Bxf3 (7... Qd7 8. h3 Bxf3 9. Nxf3 cxd4 10. cxd4 $14) (7... Qh5 8.
Qb3 Rb8 9. d5 Ne5 10. Qa4+ Nfd7 11. Be2 $14) 8. gxf3 Qd6 (8... Qh5 9. Qb3 Rb8
10. Bb5 $36) (8... Qg5 $2 9. Ne4 Qf5 (9... Qg2 $2 10. Ng3 {[%csl Rg2][%cal
Gc4f1]}) 10. Qe2 $1 (10. Nxc5 e5) 10... e6 11. Ng3 Qh3 12. d5 Nd8 13. Bb5+ $18
{Adams,M-Hubner,R/Wijk ann Zee 1995 CBM 51}) 9. dxc5 $5 (9. Qb3 e6 10. dxc5 Qc7
11. Bb5 {1/2-1/2 Sveshnikov,E-Makarov,M/Novgorod op 1995}) 9... Qxc5 10. Qe2 e6
11. Ne4 $14 {Blatny,P}) 7... cxd4 8. Bc4 (8. cxd4 Bd7 9. Bc4 Qa5 10. Qb3 e6 11.
O-O Bb4 12. a3 O-O 13. Qd3 Be7 14. b4 Qh5 15. Nb3 b5 16. Bxb5 Nxb4 {0-1 Lyell,
M-Bukic,E/Bled op18th 1997/EXP 57 (24)}) 8... Qd7 9. O-O Rc8 (9... dxc3 10.
bxc3 Rc8) 10. Qb3 (10. cxd4 e6) 10... e6 11. Bb5 Bxf3 {why to open the c1
Bishop?} (11... dxc3 12. Qxc3 (12. bxc3 Bc5 13. Ba3 (13. Ne5 Qc7) 13... Qe7)
12... Be7 {[%cal Ge8g8] when white has to prove why his compensation for being
a pawn down}) 12. Nxf3 dxc3 13. bxc3 Qc7 (13... a6 14. Ne5 Qc7 (14... Qd5 15.
Bxc6+ bxc6 16. Qb7) 15. Nxc6 bxc6 (15... axb5 16. Na7 $36 {[%cal Ga7b5]}) 16.
Bxa6 Rb8 $13 {[%cal Gf8d6,Ge8g8]}) (13... Bc5 $5 {[%csl Ra2,Rc3] I can't see
where is white's compensation here,and I am quite sure there is no
compensation at all for white,it seems white was very lucky to win this game})
14. Be3 Nd7 {I find it very difficult to understand why black gave white the
"a7" pawn when he could have played a6 several times...} (14... a6 $5 15. Bd3
Bd6) 15. Rad1 Be7 $2 {why to give the "a" pawn} (15... a6 16. Be2 Be7 (16...
Bd6)) 16. Bxa7 O-O 17. Be3 {now the position is more or less equal,although
black still seems slightly better} Nf6 {[%cal Gc6a5,Gc7c3]} 18. Bxc6 bxc6 (
18... Qxc6 19. Rb1 {[%csl Ra2,Rb7,Rc3]}) 19. Qc4 (19. c4) 19... Qa5 20. Nd4 {
[%cal Gd4e6] threatening Nxe6} Kh8 21. Rb1 (21. Nxc6 $4 Qa8) 21... Nd5 22. Bd2
Bf6 23. a4 (23. Rfc1 $2 Bxd4 24. Qxd4 Qxa2) 23... Rfd8 24. Rfc1 $6 (24. Rb7
$142 Ne7 (24... Nb6 25. Qe2 Nxa4 (25... Kg8 $2 26. Nb3 {[%csl Ra5,Rb6]}) 26.
Rxf7 Nxc3 27. Bxc3 Qxc3 28. Nxe6 Re8 29. Qe4 $13) 25. Be3 Qd5 $15) 24... Nb6 $6
(24... Bxd4 $1 25. Qxd4 Ne7 {the queen will not be able to protect both the d2
Bishop and the a4 pawn} 26. Qe3 (26. Qf4 Ng6 27. Qe3 Qxa4) 26... Qxa4 $17) 25.
Qb4 Qxb4 26. Rxb4 Nd5 27. Rb7 Kg8 (27... Nxc3 28. Bxc3 Bxd4 29. Bxd4 Rxd4 30.
Rxf7 Rxa4 31. h3 Kg8 32. Re7 Rd4 33. Rb1 $11) 28. g3 c5 (28... Nxc3 29. Bxc3
Bxd4 30. Bxd4 Rxd4 31. Rxc6) 29. Nb5 Ra8 $15 {[%csl Rc3][%cal Ga8a4]} (29... c4
30. a5 Ra8 (30... Rb8 $2 31. a6 $16) 31. Na7 {transposes to the game} (31. Ra1
Ra6 $15)) 30. Na7 c4 $1 {fixing the "c3"pawn} (30... Nb6 $6 {white should
fight here for a draw,after this move he has it} 31. Nc6 (31. Rxb6 $6 $15 Rxa7
32. Be3 Rxa4 33. Bxc5 Rc4) 31... Rxd2 32. Rxb6 {[%cal Ga4a5,Ga5a6]} Ra2 $1 33.
a5 g6 34. Rb5 c4 35. Rb4 Bd8 36. Nxd8 Rxd8 37. Rxc4 Rxa5 $11) 31. a5 h5 (31...
Rd6 $5 32. Nb5 Rda6 33. Na3 Rxa5 34. Nxc4 Ra2 $15) 32. a6 (32. Nc6 Rdc8 33. Na7
Rc5) 32... Rd6 33. Ra1 Nxc3 (33... Bxc3 34. Bxc3 Nxc3 35. Rc7 Ne2+ (35... Nd5
36. Rc8+ Rd8 (36... Rxc8 37. Nxc8 Rd8 38. a7 Nc7 39. Nb6 (39. a8=Q $2 Nxa8 40.
Rxa8 Kf8 $19 {[%cal Gc4c3,Gc3c2,Gc2c1]})) 37. Rxd8+ Rxd8 38. Nc6 $13) 36. Kf1
Nd4 37. Rc8+ Rd8 38. Rc7 {[%cal Ga7c6] and the game should end in a draw,for
example after Rd6}) 34. Bxc3 Bxc3 35. Rc1 Bd4 $2 {really a terrible blunder
for black who was better all the game.} ({it is true that after} 35... Rxa6 36.
Rxc3 R6xa7 37. Rxa7 Rxa7 38. Rxc4 $11 {the endgame is draw}) ({and also after} 
35... Bf6 36. Rxc4 Rxa6 37. Rcc7 Rf8 38. Nc6 {white has good chances to draw
this endgame.}) {this is still not the end of the story. As it happens so many
times: after the first mistake comes the second one!} 36. Nb5 Rd5 $4 {and of
course another mistake,black must have played.} (36... Bxf2+ $8 37. Kxf2 Rdxa6
(37... Rd2+ 38. Ke3 Rd3+ 39. Ke2 Rxa6 40. Rxc4 Rb3 $132) 38. Rxc4 Ra2+ $132 {
when the position is not so clear,but probably after Bd4 black lost his mind...
}) 37. Nc7 $18 {now there is nothing more to do} Rdd8 38. Nxa8 Rxa8 39. Rxc4 e5
40. Ra4 g5 41. a7 Kg7 42. Ra6 g4 43. Kf1 Bc5 44. Ke2 Bd4 45. Ra2 Bc5 46. Kd3
Bd4 47. Kc4 Kg6 48. Kd5 h4 49. gxh4 f6 50. Ke6 1-0

[Event "St Petersburg-ch"]
[Site "St Petersburg"]
[Date "1996.??.??"]
[Round "7"]
[White "Sivokho, Sergey V"]
[Black "Ionov, Sergey"]
[Result "1/2-1/2"]
[WhiteElo "2410"]
[BlackElo "2490"]
[Annotator "Har Zvi,R"]
[PlyCount "69"]
[EventDate "1996.04.??"]
[EventType "tourn"]
[EventRounds "13"]
[EventCountry "RUS"]
[EventCategory "11"]
[SourceTitle "CBM 056"]
[Source "ChessBase"]
[SourceDate "1997.02.01"]
[SourceVersion "1"]
[SourceVersionDate "1997.02.01"]
[SourceQuality "1"]

1. e4 c5 2. c3 Nf6 3. e5 Nd5 4. d4 cxd4 5. Nf3 Nc6 6. Bc4 Nb6 7. Bb3 d5 8. exd6
Qxd6 9. O-O Be6 10. Na3 dxc3 11. Qe2 Bxb3 12. Nb5 Qb8 13. axb3 e5 14. bxc3 Be7
15. Bg5 f6 (15... Bxg5 16. Nxg5 h6 (16... a6 17. Qh5 g6 18. Qh6 axb5 19. Qg7
Rf8 20. Nxh7 Ke7 (20... Nd7 21. Rad1 $40) 21. Qf6+ Ke8 22. Qg7 $10) 17. Ne4 O-O
18. Rfd1 $1 Rd8 19. Nbd6 Qc7 20. Qh5 Qe7 21. Rd3 $1 $16 {Smagin,S-Baikov,V
Moscow 1995 64/(152)}) (15... a6 16. Bxe7 Nxe7 17. Nxe5 O-O 18. Nd4 Ng6 19.
Nxg6 hxg6 20. Rfe1 Re8 21. Qf3 Qc7 22. c4 Nd7 $10 {Onischuk,Al-Nijboer,F Wijk
ann Zee 1996 65/155 [Nijboer,F]}) 16. Be3 Nd5 (16... O-O $6 17. Nxa7 $1 Rxa7
18. Bxb6 Rxa1 19. Rxa1 f5 $6 20. b4 $1 e4 21. b5 exf3 22. Qe6+ Rf7 23. bxc6
bxc6 24. Qxc6 $16 {Smagin,S-Dvoirys,S Novgorod (open) 1995 64/152 [Smagin,S]})
(16... Nc8 17. Nh4 O-O (17... g6 18. f4 O-O (18... a6 $5) 19. Nxg6 $1 hxg6 20.
Qg4 Rf7 (20... Kg7 21. f5 g5 22. h4 $40) (20... Kf7 21. f5 Rg8 (21... gxf5 22.
Qh5+ Ke6 23. Qxf5+ Kf7 24. Qh5+ Ke6) 22. Qc4+ Kg7 23. fxg6) 21. Qxg6+ Kf8 22.
Rad1 $146 {Degraeve,J-Aseev,K ST.Petersburg-Paris 1996}) 18. Nf5 a6 19. Qa2 (
19. Qg4 g6 20. Nxe7+ N6xe7 $1 {Xd6} (20... N8xe7 21. Qe6+ Kg7 22. Nd6 Qc7 23.
Rfd1 $36) 21. Qc4+ Rf7 22. Nc7 Nd6 23. Qc5 Ne4 24. Qc4 Nd6 $10) 19... g6 20.
b4+ Kh8 21. Nh6 Kg7 22. Ng4 g5 $15) 17. Nh4 a6 (17... O-O $4 18. Qc4 Rd8 19.
Rfd1 $18) (17... Nxe3 18. Qh5+ Kf8 19. fxe3 $13 (19. Ng6+ Kg8) 19... Qe8 (19...
Kg8 $6 20. Nf5 $40) 20. Qxe8+ Rxe8 21. Nf5 $44) 18. Qh5+ Kf8 19. Ng6+ (19. Na3
Qe8 20. Qf3 Nxe3 21. Qxe3 g6 (21... Bxa3) 22. Qh6+ Kf7 23. Nc4 Qf8 24. Qe3 Kg7
$17 {Smagin,S-Ionov,S RUS-chT Kazan 1995}) 19... hxg6 20. Qxh8+ Kf7 21. Qxb8
Rxb8 22. Na3 Nxc3 {black got a very good position from the opening he has very
active pieces,with many squares in the center the material is about equal but
white b3 pawn is very weak 16...Nd5 is something white must thing about} 23.
Rfe1 Rd8 (23... Bxa3 24. Rxa3 Rd8 {when the rook on a3 stands bad,if 25.Raa1
Nd4}) 24. Nc2 Rd3 25. Kf1 g5 (25... Nd5 $1 26. Reb1 (26. Rab1 Na5 27. b4 (27.
Na1 Bb4 28. Red1 Nxe3+ 29. fxe3 Rxe3 30. Nc2 Re4 $17) 27... Nc4 $17 {with an
unpleasent position for white}) 26... e4 $17) 26. Rec1 {the threat is Ne1} Nd5
27. Rab1 Ke6 $6 {again black plays in a passive way after 27...Na5 it seems
white's position is just terrible} (27... Na5 28. b4 (28. Rd1 Rxd1+ 29. Rxd1
Nxe3+ 30. Nxe3 Nxb3 $19) 28... Nc4 29. Re1 e4 $17 {/-+}) 28. Ke2 e4 29. Bd2 f5
(29... Bc5 {with the idea Bxf2} 30. Rd1) 30. b4 Nc3+ $2 {after missing so many
opportunities black throwes away almost all his advantage,and the game soon
ends with a draw,still after a simple move such as 30...Ne5 with the idea Nc4
black's position remain very good} 31. Bxc3 Rxc3 32. Kd2 Rd3+ 33. Ke2 Rc3 (
33... b5 34. Ra1) 34. Kd2 Rd3+ 35. Ke2 1/2-1/2

[Event "RUS-chT 05th"]
[Site "Maikop"]
[Date "1998.06.09"]
[Round "7"]
[White "Kozak, Alexander"]
[Black "Vokarev, Sergey"]
[Result "0-1"]
[WhiteElo "2365"]
[BlackElo "2485"]
[Annotator "Har Zvi,R"]
[PlyCount "90"]
[EventDate "1998.06.03"]
[EventType "team-tourn"]
[EventRounds "11"]
[EventCountry "RUS"]
[SourceTitle "CBM 066"]
[Source "ChessBase"]
[SourceDate "1998.09.30"]
[SourceVersion "1"]
[SourceVersionDate "1998.09.30"]
[SourceQuality "1"]
[WhiteTeam "Elista Uralan"]
[BlackTeam "Ekaterinburg Agat"]
[WhiteTeamCountry "RUS"]
[BlackTeamCountry "RUS"]

1. e4 c5 2. c3 Nf6 3. e5 Nd5 4. d4 cxd4 5. Nf3 Nc6 6. Bc4 Nb6 7. Bb3 d6 8. exd6
Qxd6 9. Na3 dxc3 10. Qe2 Bf5 11. Nb5 Qd7 12. Ne5 Nxe5 13. Qxe5 f6 14. Nd6+ {
I thought that this line it not supposed to be too good for white,and indeed
this games has not changed my feeling} (14. Nc7+ Kd8 15. Ne6+ Bxe6 16. Qxe6
Qxe6+ (16... Rc8 17. Qe2 e5 18. O-O Kc7 19. a4 Kb8 (19... Rd8 $5 {[%cal Gb6c8]}
) 20. a5 Na8 21. bxc3 $44 {de la Paz,F-Blanco Fernandez,A Villa Clara 1995 65/
154 [Nogueiras,J]}) 17. Bxe6 Na4 18. b4 $1 a5 19. Be3 axb4 20. O-O-O+ $36 {
Hracek,Z-Stohl,I Cesko 1996 66/122 [Stohl,I]}) 14... Qxd6 15. Qxf5 g6 16. Qh3 (
16. Qe4 Qc6 17. Qxc6+ bxc6 18. bxc3 e5 19. f4 Bd6 20. O-O O-O-O $1 $17 {
Van Mil,J-Nijboer,F Wijk ann Zee 1995 65/(154)}) 16... Qe5+ 17. Be3 $8 cxb2 18.
Rb1 Qa5+ 19. Kf1 (19. Bd2 $5) 19... Qb5+ 20. Kg1 Qf5 21. Qxf5 gxf5 {the
summary of the opening,black has 2 pawns up with some compensation for white,
enough? not.black is better} 22. Be6 (22. Rxb2 e5 $17) 22... Rd8 23. g3 (23.
Bxf5 Nc4 24. Bxa7 Na3 25. Re1 Rd5 $19) 23... Rd6 24. Bxf5 e6 $17 25. Bc2 (25.
Bg4 Nc4 26. Bxa7 Rd2 27. Kg2 f5) 25... Nc4 26. Ba4+ $6 (26. Bxa7 Rd2 27. Ba4+
Kf7 {[%cal Gc4a3]}) 26... Kf7 27. Bxa7 Ra6 $1 28. Bb5 Na3 29. Bxa6 Nxb1 30. Bd3
Na3 31. Kg2 Bb4 {everything was quite forced after Ra6 and white has here a
very difficult position to defend} 32. g4 h6 33. Be3 Rd8 34. Be4 Bd2 35. Bc5 $6
(35. Rd1 $8 Ba5 (35... Nc4 36. h4) 36. Rf1 Kg7) 35... Nb5 36. Kf3 Nc3 $19 37.
Bc2 (37. Ba3 Nxe4 38. Kxe4 Bc1 $19) 37... Bc1 38. Be3 Nxa2 39. h4 Bxe3 40. Kxe3
Nc3 41. g5 f5 42. gxh6 Kg6 43. Rg1+ Kxh6 44. h5 Kxh5 45. f3 f4+ 0-1

[Event "Ciocaltea Memorial"]
[Site "Bucharest"]
[Date "1997.??.??"]
[Round "12"]
[White "Nisipeanu, Liviu Dieter"]
[Black "Kiselev, Sergey"]
[Result "1-0"]
[WhiteElo "2545"]
[BlackElo "2485"]
[Annotator "Har Zvi,R"]
[PlyCount "59"]
[EventDate "1997.03.??"]
[EventType "tourn"]
[EventRounds "13"]
[EventCountry "ROU"]
[EventCategory "10"]
[SourceTitle "CBM 060"]
[Source "ChessBase"]
[SourceDate "1997.09.29"]
[SourceVersion "1"]
[SourceVersionDate "1997.09.29"]
[SourceQuality "1"]

1. e4 c5 2. c3 d5 3. exd5 Qxd5 4. d4 Nf6 5. Nf3 Bg4 6. Nbd2 Nc6 7. Bc4 {
for some theory in this variation turn to the game Nisipeanu,L-Nevednichy,D
which was played just one round  before this game} Bxf3 8. Qb3 $5 {a very
interesting move,a novelty according to my database,but it seems black can
equalise quite easily with Na5} Bxg2 $2 (8... Na5 $142 {all the moves after
Na5 are forced} 9. Qb5+ (9. Qa4+ $2 Qd7 10. Qxd7+ Nxd7 11. gxf3 Nxc4 12. Nxc4
cxd4 $17) (9. Bxd5 Nxb3 10. Nxf3 Nxd5 11. axb3 cxd4 12. Nxd4 e5 13. Nf5 a6 14.
Ke2 O-O-O 15. Rd1 f6 16. b4 g6 17. Ne3 Nxe3 18. Bxe3 {Shirov,A-Polgar,J/Dos
Hermanas 1997/CBM 59/[Hecht]/1/2-1/2 (61)}) 9... Qd7 10. Nxf3 Nxc4 11. Qxc4
cxd4 12. Nxd4 e6 $11 (12... Rc8)) 9. Bxd5 (9. Rg1) 9... Bxd5 10. Qxb7 Nxd4 (
10... Rb8 $2 11. Qc7 Bxh1 (11... e6 12. Rg1 $16) 12. f3 $16) 11. Qa6 Nc2+ 12.
Ke2 Nxa1 13. Rd1 {all these moves where quite forced after black's 8 move and
the real big question is what is this position?black has a big material
advantage R+B+N+P for his queen but let's not forget several things,first the
knight on a1 is not really in the game and white has good chances to take it
but even more important black king is still in the center with his pieces not
organized} Rd8 14. Qa4+ Nd7 (14... Rd7 15. Nf3 Bxf3+ 16. Kxf3 e6 17. Rxd7 (17.
Bg5 Nd5 18. Rxa1 Bd6) 17... Nxd7 18. Bf4 $16 {[%csl Ra1][%cal Ga4d1]} g5 19.
Bc7) 15. Nf3 Be6 (15... e6 16. Ne5 $1 (16. c4 $2 Be4 {[%cal Ge4c2]} 17. Ne1 Be7
) 16... Bd6 (16... Be7 17. c4 $1 Nc2 18. cxd5 Nd4+ 19. Kf1 exd5 20. b4 $1 $18)
17. Nxd7 Rxd7 (17... Ke7 18. c4 Bb7 19. Rxd6 Kxd6 20. Bf4+ Ke7 21. Nxc5 $18)
18. c4 Nc2 19. cxd5 Nd4+ 20. Kf1 exd5 (20... Bxh2 $2 21. b4) 21. b4 Ne6 22.
Rxd5 Ke7 23. bxc5 Nxc5 24. Rxc5 $1 Bxc5 25. Qe4+ Kf8 (25... Kf6 26. Bb2+) 26.
Qa8+ Ke7 27. Bg5+ $1 f6 28. Qxh8 $18) 16. Bf4 (16. Ne5 Bf5) 16... f6 17. Rxa1
Kf7 18. Rd1 $18 {[%cal Gf4c7]} Nb6 19. Qxa7 Rxd1 20. Kxd1 Nd5 21. Bd2 Bg4 22.
Ke2 g5 23. Qb7 Nf4+ 24. Bxf4 gxf4 25. a4 Bh6 26. a5 Rd8 27. a6 Bc8 28. Qc6 Bd7
29. Qd5+ Ke8 30. Qh5+ 1-0